[Event "Chigorin Memorial 28th"]
[Site "St Petersburg"]
[Date "2021.10.23"]
[Round "1"]
[White "Lundin, Jan"]
[Black "Etingof, Yury"]
[Result "1-0"]
[WhiteElo "2164"]
[BlackElo "1698"]
[PlyCount "125"]
[EventDate "2021.10.23"]
[EventType "swiss"]
[EventRounds "9"]
[EventCountry "RUS"]
[SourceTitle "EXT 2023"]
[Source "ChessBase"]
[SourceDate "2022.10.05"]
[SourceVersion "1"]
[SourceVersionDate "2022.10.05"]
[SourceQuality "1"]

1. d4 Nf6 2. c4 e6 3. Nc3 Bb4 4. Bg5 c5 5. d5 h6 6. Bh4 g5 7. Bg3 Ne4 8. Qc2 Nxg3 9. hxg3 d6 10. e3 e5 11. Bd3 Nd7 12. Nge2 Nf6 13. f3 Qe7 14. 0-0-0 Bd7 15. g4 Bxc3 16. Qxc3 Kd8 17. Ng3 Kc7 18. Bf5 Rag8 19. Rh2 Bxf5 20. Nxf5 Qf8 21. Rdh1 Rg6 22. e4 Ng8 23. a3 Ne7 24. b4 Nxf5 25. gxf5 cxb4 26. axb4 Rgg8 27. g4 Kb8 28. c5 Qg7 29. Kd2 Rc8 30. Kd3 f6 31. c6 Rh7 32. b5 b6 33. Qa3 Qf8 34. Ke3 Rcc7 35. Kf2 Rh8 36. Kg3 Rhh7 37. Qe3 Rc8 38. Ra2 Qd8 39. Rha1 Rf7 40. Ra6 Re7 41. Qa3 Qc7 42. Qb4 Qd8 43. Rh1 Rh7 44. Ra2 Qc7 45. Rah2 Rch8 46. Qa3 Ka8 47. Rh5 Kb8 48. R1h2 Ka8 49. Qa1 Kb8 50. Qh1 Qg7 51. Ra2 Qc7 52. Ra6 Qd8 53. Rh2 Qe8 54. Rc2 Rc7 55. Qg1 h5 56. Rxb6+ Kc8 57. Rb7 Rxb7 58. cxb7+ Kxb7 59. Qa1 hxg4 60. Qa6+ Ka8 61. Rc7 Rh3+ 62. Kf2 Rxf3+ 63. Ke2 1-0

[Event "BL2-Nord 1920"]
[Site "Germany"]
[Date "2021.08.08"]
[Round "10.6"]
[White "Lundin, Jan"]
[Black "Szyszylo, Rafal"]
[Result "1/2-1/2"]
[WhiteElo "2291"]
[BlackElo "2258"]
[PlyCount "83"]
[EventDate "2019.10.19"]
[EventType "team-tourn"]
[EventRounds "9"]
[EventCountry "GER"]
[SourceTitle "EXT 2023"]
[Source "ChessBase"]
[SourceDate "2022.10.05"]
[SourceVersion "1"]
[SourceVersionDate "2022.10.05"]
[SourceQuality "1"]
[WhiteTeam "Berlin SF II"]
[BlackTeam "Ruedersdorf Glueckauf"]
[WhiteTeamCountry "GER"]
[BlackTeamCountry "GER"]

1. d4 d6 2. Nc3 g6 3. e4 Bg7 4. Nf3 Nf6 5. h3 0-0 6. Be3 c6 7. Qd2 b5 8. a3 Bb7 9. Bh6 e5 10. Bxg7 Kxg7 11. dxe5 dxe5 12. Qe3 Qe7 13. Bd3 Nbd7 14. 0-0 Rfe8 15. a4 b4 16. Ne2 Nc5 17. Ng3 Nxd3 18. cxd3 Nd7 19. Rfc1 c5 20. Nh2 h6 21. Nf3 Rac8 22. Nd2 Ba6 23. a5 Nf8 24. Nc4 Rcd8 25. Ne2 Bxc4 26. Rxc4 Ne6 27. Nc1 Rd4 28. a6 Red8 29. Ra5 Rxc4 30. dxc4 Rd4 31. Rb5 Qd6 32. Kh2 Qxa6 33. Nb3 Rxc4 34. Ra5 Qb6 35. Qe2 Rd4 36. Ra6 Qb7 37. Nxd4 Nxd4 38. Qc4 Qxe4 39. Qxc5 Qf4+ 40. Kg1 Ne2+ 41. Kh1 Qe4 42. Kh2 1/2-1/2